| 000 | 01366nam1a22002891i 4500 | ||
|---|---|---|---|
| 001 | rc\2825458 | ||
| 005 | 20240921105207.0 | ||
| 035 | _a(NLR Aleph) 006983644 | ||
| 090 |
_a5556995 _c5556995 |
||
| 100 | _a20110624d1930 |||y0rusy50 ca | ||
| 101 | 0 | _arus | |
| 102 | _aRU | ||
| 105 | _ay z ||||| | ||
| 200 | 1 |
_aВоенно-ветеринарная служба _eВып. 1 _fН.М. Власов, С.С. Лапидус и И.В. Шур _gПод ред. и с предисл. Н.М. Никольского |
|
| 210 |
_aМосква _aЛенинград _cСельхозгиз _d1930 _e[Москва] _gтипо-литогр. им. т. Воровского |
||
| 215 | _d21×15 см | ||
| 225 | 1 | _aСельско-хозяйственный политехникум на дому | |
| 300 | _aОбложка: М. Бибиков | ||
| 700 | 1 |
_aВласов _bН. М. _cканд. вет. наук, ген.-лейт. _f1891-1954 _gНиколай Михайлович _9227525 _3RU\NLR\AUTH\770227581 |
|
| 701 | 1 |
_aЛапидус _bС.С. |
|
| 701 | 1 |
_aШур _bИ.В. |
|
| 702 | 1 |
_4340 _aНикольский _bН. М. _cдеятель ветеринарии, ген.-лейт. _f1883-1970 _gНиколай Михайлович _9228161 _3RU\NLR\AUTH\770228217 |
|
| 801 | 0 |
_aRU _bNLR _gpsbo |
|
| 801 | 1 |
_aRU _bELAR _2rusmarc |
|
| 852 |
_aNLR _j30.17/443 |
||
| 942 | _cBOOK | ||